América mestiza : (Registro nro. 7040)

Detalles MARC
000 -LEADER
fixed length control field 01907cam a2200301 a 4500
003 - CONTROL NUMBER IDENTIFIER
control field OSt
005 - DATE AND TIME OF LATEST TRANSACTION
control field 20210104103713.0
008 - FIXED-LENGTH DATA ELEMENTS--GENERAL INFORMATION
fixed length control field t 2000ck ao gr 0 0 0 spa d
020 ## - INTERNATIONAL STANDARD BOOK NUMBER
International Standard Book Number 9589393861
040 ## - CATALOGING SOURCE
Original cataloging agency CO-BoPUJ
Transcribing agency CO-JMCR
041 0# - LANGUAGE CODE
Language code of text/sound track or separate title spa
082 04 - DEWEY DECIMAL CLASSIFICATION NUMBER
Classification number 980 /
Item number O839a
Edition number 23
100 1# - MAIN ENTRY--PERSONAL NAME
Personal name Ospina, William,
Relator term autor
9 (RLIN) 12589
245 10 - TITLE STATEMENT
Title América mestiza :
Remainder of title el país del futuro /
Statement of responsibility, etc. William Ospina ; edición Benjamin Villegas Jiménez ; presentación L. Enrique García
250 ## - EDITION STATEMENT
Edition statement Primera edición
260 ## - PUBLICATION, DISTRIBUTION, ETC.
Place of publication, distribution, etc. Bogotá :
Name of publisher, distributor, etc. Villegas Editores,
Date of publication, distribution, etc. 2000
300 ## - PHYSICAL DESCRIPTION
Extent 343 páginas :
Other physical details ilustraciones, fotos a color ;
Dimensions 36 cm.
504 ## - BIBLIOGRAPHY, ETC. NOTE
Bibliography, etc. note Incluye referencias bibliográficas páginas 342.
505 0# - FORMATTED CONTENTS NOTE
Formatted contents note América mestiza. El país del futuro -- Lo originario de América -- El mar Caribe -- El Pacífico y los Andes -- El Amazonas -- La vida milenaria de América -- Lo que llego de Europa -- El choque de los mundos -- Lo que llego de África -- Las Américas -- La colonia -- En los reinos del espíritu -- Y se acaba el siglo XVIII -- El sueño de la libertad -- Independencia -- La carta de Jamaica -- El derecho al presente -- La guerra y la paz -- En busca de la modernidad -- En el siglo XX -- Lo que somos -- América mestiza -- El país del futuro
520 0# - SUMMARY, ETC.
Summary, etc. Es un panorama general sobre nuestra América, un análisis minucioso sobre su devenir, una síntesis sus transformaciones, un estudio de su historia, una descripción de las fuerzas sociales que lo definen, pero, también, la evocación de una utopía.
650 24 - SUBJECT ADDED ENTRY--TOPICAL TERM
Topical term or geographic name entry element Sociología histórica
9 (RLIN) 12590
650 24 - SUBJECT ADDED ENTRY--TOPICAL TERM
Topical term or geographic name entry element Descripciones y viajes
Geographic subdivision América Latina
9 (RLIN) 12591
650 24 - SUBJECT ADDED ENTRY--TOPICAL TERM
Topical term or geographic name entry element Características nacionales
Geographic subdivision América Latina
9 (RLIN) 12592
650 24 - SUBJECT ADDED ENTRY--TOPICAL TERM
Topical term or geographic name entry element Historia
Geographic subdivision América Latina
9 (RLIN) 12593
700 1# - ADDED ENTRY--PERSONAL NAME
Personal name Villegas Jiménez, Benjamín
Dates associated with a name 1948-
Relator term editor
9 (RLIN) 12594
700 1# - ADDED ENTRY--PERSONAL NAME
Personal name García, L. Enrique
Relator term Prologuista
9 (RLIN) 12595
942 ## - ADDED ENTRY ELEMENTS (KOHA)
Source of classification or shelving scheme Dewey Decimal Classification
Koha item type Books
Existencias
Withdrawn status Lost status Source of classification or shelving scheme Damaged status Not for loan Home library Current library Shelving location Date acquired Source of acquisition Total Checkouts Total Renewals Full call number Barcode Date last seen Date last checked out Copy number Price effective from Koha item type
    Dewey Decimal Classification     Biblioteca Pública José María del Castillo y Rada Biblioteca Pública José María del Castillo y Rada General Stacks 12/16/2020 Donación 6 2 980 / O839a 201810187 03/07/2025 02/13/2025 Ej.1 01/04/2021 Books